| 000 | 00528nam a2200181Ia 4500 | ||
|---|---|---|---|
| 005 | 20250326124900.0 | ||
| 008 | 250326s9999 xx 000 0 und d | ||
| 037 | _aTextbook | ||
| 040 |
_aFMSL _beng _cFMSL |
||
| 041 |
_aeng _2eng |
||
| 084 |
_aX:8D.1 M7;4 _qFMSL |
||
| 100 |
_aAbdullah F A _9738158 |
||
| 245 | 0 |
_aFicial management for the multinational firm _cAbdullah F A |
|
| 260 |
_aNew Jersey _bNew Jersey, Prentice-Hall _c1987 |
||
| 300 | _a593p | ||
| 942 |
_cTB _hX:8D.1 M7;4 |
||
| 999 |
_c1275621 _d1275621 |
||